[Event "FIDE Grand Swiss"]
[Site "Samarcanda"]
[Date "08.09.2025"]
[Round "5.38"]
[White "Robson, Ray"]
[Black "Dardha, Daniel"]
[Result "1-0"]
[WhiteTitle "GM"]
[BlackTitle "GM"]
[WhiteElo "2687"]
[BlackElo "2616"]
[WhiteFideId "2023970"]
[BlackFideId "240990"]
[EventDate "2025.09.04"]

1. c4 c5 2. Nf3 Nc6 3. Nc3 Nf6 4. g3 d5 5. cxd5 Nxd5 6. Bg2 Nc7 7. d3 e5 8. Nd2
Bd7 9. O-O Be7 10. Nc4 f6 11. f4 b5 12. Ne3 exf4 13. Nf5 b4 14. Nxe7 Qxe7 15.
Ne4 Ne6 16. gxf4 O-O 17. Ng3 Kh8 18. e3 Rad8 19. b3 Qe8 20. Qc2 Ne7 21. f5 Ng5
22. Qxc5 Rc8 23. Qxa7 Nc6 24. Bxc6 Bxc6 25. e4 Rf7 26. Qa5 Nh3+ 27. Kg2 Rd7 28.
Rf3 Rxd3 29. Rxd3 Bxe4+ 30. Kxh3 Bxd3 31. Bd2 Rc2 32. Re1 Qc8 33. Bxb4 h5 34.
Qd5 g5 35. Ne4 Qc7 36. Qa8+ Qc8 37. Qd5 g4+ 38. Kg3 Bxe4 1-0

[Event "FIDE Grand Swiss"]
[Site "Samarcanda"]
[Date "08.09.2025"]
[Round "5.40"]
[White "Hakobyan, Aram"]
[Black "Wojtaszek, Radoslaw"]
[Result "1/2-1/2"]
[WhiteTitle "GM"]
[BlackTitle "GM"]
[WhiteElo "2625"]
[BlackElo "2648"]
[WhiteFideId "13306677"]
[BlackFideId "1118358"]
[EventDate "2025.09.04"]

1. e4 e5 2. Nf3 Nc6 3. Bb5 a6 4. Ba4 Nf6 5. O-O Be7 6. d3 b5 7. Bb3 d6 8. c3 O-O
9. h3 h6 10. d4 Re8 11. Re1 Bf8 12. Nbd2 Bb7 13. Bc2 Nb8 14. b3 Nbd7 15. Bb2 c6
16. Bd3 g6 17. a4 Nh5 18. Qc2 Nf4 19. Bf1 Rc8 20. b4 Ne6 21. Nb3 Qc7 22. Na5 Ba8
23. axb5 axb5 24. Qb3 Bg7 25. Rad1 Qb6 26. Qa3 Rcd8 27. Nb3 Bb7 28. Qa5 Qxa5 29.
Nxa5 Ba8 30. Nxc6 Bxc6 31. d5 Ba8 32. dxe6 Rxe6 33. Bxb5 Nf6 34. Nd2 d5 35. exd5
Nxd5 36. Ne4 f5 37. Nc5 Red6 38. Ba6 e4 39. Bb7 Nb6 40. Rxd6 Rxd6 41. Bxa8 Nxa8
42. f3 Rd2 43. Na4 exf3 44. gxf3 Nc7 45. Kf1 Bf6 46. Re2 Rd1+ 47. Re1 Rd2 1/2-1/2

[Event "FIDE Grand Swiss"]
[Site "Samarcanda"]
[Date "08.09.2025"]
[Round "5.44"]
[White "Najer, Evgeniy"]
[Black "Chigaev, Maksim"]
[Result "1/2-1/2"]
[WhiteTitle "GM"]
[BlackTitle "GM"]
[WhiteElo "2613"]
[BlackElo "2628"]
[WhiteFideId "4118987"]
[BlackFideId "4108116"]
[EventDate "2025.09.04"]

1. e4 e5 2. Nf3 Nc6 3. Bb5 g6 4. d4 exd4 5. Bg5 Be7 6. Bxe7 Qxe7 7. O-O Qb4 8.
Bxc6 dxc6 9. Qxd4 Qxd4 10. Nxd4 Ne7 11. Nc3 Bd7 12. Rad1 O-O-O 13. f4 c5 14. Nf3
Nc6 15. Nd5 f5 16. e5 Be6 17. c4 Nd4 18. Nxd4 cxd4 19. Rxd4 c6 20. Rfd1 cxd5 21.
cxd5 Bg8 22. e6 Rd6 23. Rc4+ Kd8 24. Re1 Bxe6 25. dxe6 Re8 26. Kf2 Rexe6 27.
Rxe6 Rxe6 28. h3 Kd7 29. g4 Rc6 30. Rb4 Rc2+ 31. Kg3 Kc6 32. Kh4 a5 33. Rb3 b5
34. gxf5 gxf5 35. Kg5 b4 36. a3 Kb5 37. axb4 a4 38. Re3 Rxb2 39. Kxf5 Kxb4 40.
Re7 h6 41. Ke4 1/2-1/2

[Event "FIDE Grand Swiss"]
[Site "Samarcanda"]
[Date "08.09.2025"]
[Round "5.47"]
[White "Zemlyanskii, Ivan"]
[Black "Ivic, Velimir"]
[Result "1-0"]
[WhiteTitle "GM"]
[BlackTitle "GM"]
[WhiteElo "2586"]
[BlackElo "2635"]
[WhiteFideId "24249971"]
[BlackFideId "950122"]
[EventDate "2025.09.04"]

1. e4 c5 2. Nf3 d6 3. d4 cxd4 4. Nxd4 Nf6 5. Nc3 a6 6. Be3 e5 7. Nb3 Be6 8. f3
Nbd7 9. g4 Nb6 10. Qd2 d5 11. O-O-O d4 12. Nxd4 exd4 13. Bxd4 Qc7 14. Qe3 Nbd7
15. Nd5 Qc6 16. Nf4 Rc8 17. Bd3 Bc5 18. g5 Qa4 19. Bxc5 Nxc5 20. gxf6 Qxa2 21.
Kd2 Qxb2 22. fxg7 Qxg7 23. e5 Qf8 24. Rb1 Qe7 25. h4 b5 26. Nh5 Qd8 27. Rb4 Nxd3
28. cxd3 Qa5 29. Rb1 Rc7 30. Qd4 f5 31. Ke3 Rc2 32. Ng7+ Kf7 33. Nxe6 f4+ 34.
Nxf4 1-0

[Event "FIDE Grand Swiss"]
[Site "Samarcanda"]
[Date "09.09.2025"]
[Round "6.34"]
[White "Bjerre, Jonas Buhl"]
[Black "Henriquez Villagra, Cristobal"]
[Result "0-1"]
[WhiteTitle "GM"]
[BlackTitle "GM"]
[WhiteElo "2651"]
[BlackElo "2594"]
[EventDate "2025.09.04"]
[WhiteFideId "1444948"]
[BlackFideId "3409350"]

1. e4 c5 2. Nf3 e6 3. d4 cxd4 4. Nxd4 Nc6 5. Nc3 Qc7 6. Be3 a6 7. a3 b5 8.
Nxc6 Qxc6 9. Bd3 Bb7 10. Qd2 Rc8 11. f3 Qc7 12. a4 b4 13. Na2 Qa5 14. b3
Nf6 15. O-O-O Be7 16. g4 d5 17. g5 Nd7 18. exd5 Qxd5 19. Kb1 Ne5 20. Be4
Qxd2 21. Rxd2 Bxe4 22. fxe4 Ng4 23. Bb6 Ne5 24. Rdd1 Nc6 25. h4 h6 26. gxh6
Rxh6 27. h5 Rb8 28. Be3 Rh7 29. Nc1 Rd8 30. Nd3 f6 31. Bb6 Rb8 32. a5 Kf7
33. Nf4 e5 34. Nd5 Rb7 35. Rh3 Rh8 36. c3 bxc3 37. Rxc3 Nd4 38. Rdc1 Nb5
39. Rh3 Bd6 40. Rc6 Ke6 41. Ne3 Kd7 42. Rc1 Ke6 43. Rhh1 Nd4 44. Ka2 Bb4
45. Rc4 Bd2 46. Nd5 Nb5 47. Rc2 Bg5 48. Nb4 Ra8 49. Rd1 Kf7 50. Nc6 Kg8 51.
b4 Kh7 52. Kb3 Kh6 53. Rh2 Rc8 54. Nd8 Re7 55. Bc5 Rec7 56. Ne6 Rb7 57. Rh3
Bf4 58. Kc4 Re8 59. Nf8 Rc7 60. Ng6 Bg5 61. Rd5 Bf4 62. Kd3 Kg5 63. Rh1 Kh6
64. Rh3 Bg5 65. Rh2 Bf4 66. Rh1 Bg5 67. Rh3 Bf4 68. Ke2 Rf7 69. Kf3 f5 70.
exf5 Rxf5 71. Ke4 Rf7 72. Bb6 Kg5 73. Rf3 Kh6 74. Bc5 Kxh5 75. Nxe5 Bxe5
76. Rxf7 Nc3+ 77. Kd3 Nxd5 78. Ra7 Re6 79. Kc4 Nc7 80. Bb6 Rc6+ 81. Kd3 g5
82. Ke4 Bd6 83. Bxc7 Rxc7 84. Kd4 0-1

[Event "FIDE Grand Swiss"]
[Site "Samarcanda"]
[Date "09.09.2025"]
[Round "6.37"]
[White "Lu, Shanglei"]
[Black "Zemlyanskii, Ivan"]
[Result "1/2-1/2"]
[WhiteTitle "GM"]
[BlackTitle "GM"]
[WhiteElo "2647"]
[BlackElo "2586"]
[EventDate "2025.09.04"]
[WhiteFideId "8603332"]
[BlackFideId "24249971"]

1. e4 c5 2. Nf3 a6 3. c4 Nc6 4. d4 cxd4 5. Nxd4 Nf6 6. Nc3 e5 7. Nf5 d5 8.
cxd5 Bxf5 9. exf5 Nd4 10. g4 h5 11. g5 Nxd5 12. Bg2 Bb4 13. Bd2 Nf4 14.
Bxf4 exf4 15. O-O f3 16. Qa4+ b5 17. Rfe1+ Be7 18. Qd1 fxg2 19. f6 gxf6 20.
gxf6 Ra7 21. Re4 Ne6 22. fxe7 Qxd1+ 23. Rxd1 Kxe7 24. f4 Kf6 25. Kxg2 Kg7
26. Kf3 Rc7 27. h4 Rc5 28. Rd5 Rd8 29. Rxd8 Nxd8 30. Re5 Ne6 31. Rxc5 Nxc5
32. Ke3 Kf6 33. b4 Nb7 34. Ne4+ Kf5 35. Kf3 Kg6 36. a3 f6 37. Ke3 Kf5 38.
Kf3 Kg6 39. Ke2 Kf5 40. Ke3 a5 41. Kf3 axb4 42. axb4 Kg6 43. Ke2 Kf5 44.
Ke3 Nd8 45. Kf3 Nc6 46. Nd6+ Kg6 47. f5+ Kg7 48. Nxb5 Nxb4 49. Ke4 Nc6 50.
Nd4 Ne5 51. Ne6+ Kh6 52. Nf4 Ng4 53. Kd5 Nh2 54. Ke6 Nf3 55. Kxf6 Nxh4 56.
Nxh5 Nxf5 57. Kxf5 Kxh5 58. Ke4 1/2-1/2

[Event "FIDE Grand Swiss"]
[Site "Samarcanda"]
[Date "09.09.2025"]
[Round "6.47"]
[White "Martirosyan, Haik M."]
[Black "Nigmatov, Ortik"]
[Result "0-1"]
[WhiteTitle "GM"]
[BlackTitle "GM"]
[WhiteElo "2628"]
[BlackElo "2488"]
[EventDate "2025.09.04"]
[WhiteFideId "13306553"]
[BlackFideId "14202131"]

1. d4 d5 2. c4 e6 3. Nc3 Be7 4. Nf3 Nf6 5. g3 O-O 6. Bg2 dxc4 7. Ne5 Nc6 8.
Bxc6 bxc6 9. Nxc6 Qe8 10. Nxe7+ Qxe7 11. Qa4 c5 12. dxc5 Qxc5 13. Be3 Qc7
14. f3 Rd8 15. Kf2 Bb7 16. Rhd1 a6 17. Qb4 Qc6 18. Qb6 Nd5 19. Qxc6 Bxc6
20. Rdc1 Rab8 21. Nd1 Ba4 22. Rxc4 Bxd1 23. Rxd1 Rxb2 24. Rd2 Rb1 25. Bc5
Rdb8 26. e4 Nb6 27. Rcc2 h5 28. Be3 Rb7 29. Rc6 Kh7 30. Rdc2 Nd7 31. Rxa6
Ne5 32. Rd6 R7b4 33. Rd4 Rh1 34. Rxb4 Rxh2+ 35. Kf1 Rxc2 36. Rb5 f6 37. a4
Ra2 38. a5 Kg6 39. f4 Nc4 40. f5+ Kh7 41. fxe6 Nxe3+ 42. Ke1 Ra4 43. Ke2
Rxe4 44. a6 Rxe6 45. a7 Nc4+ 46. Kd3 Ra6 47. Kxc4 Rxa7 48. Rxh5+ Kg6 49.
Rh1 Ra3 50. Rh3 Kg5 51. Kd5 Kg4 52. Rh7 g5 53. Kd4 0-1

[Event "FIDE Grand Swiss"]
[Site "Samarcanda"]
[Date "09.09.2025"]
[Round "6.49"]
[White "Jobava, Baadur"]
[Black "Anton Guijarro, David"]
[Result "1/2-1/2"]
[WhiteTitle "GM"]
[BlackTitle "GM"]
[WhiteElo "2590"]
[BlackElo "2625"]
[EventDate "2025.09.04"]
[WhiteFideId "13601520"]
[BlackFideId "2285525"]

1. e4 e5 2. Nf3 Nc6 3. d4 exd4 4. Nxd4 Nf6 5. Nxc6 bxc6 6. Bd3 d5 7. exd5
cxd5 8. O-O Be7 9. h3 O-O 10. Nd2 a5 11. a4 Bb7 12. Re1 Bd6 13. b3 Bb4 14.
Bb2 d4 15. Ba3 Qd5 16. Bf1 c5 17. Bxb4 cxb4 18. Nc4 Rae8 19. Qd2 Ne4 20.
Qf4 Re6 21. f3 Nc3 22. Rxe6 fxe6 23. Qc7 d3 24. Bxd3 Qd4+ 25. Kh2 Nd5 26.
Qe5 Qxe5+ 27. Nxe5 Nf4 28. Rd1 Nxd3 29. Rxd3 Bd5 30. h4 Rc8 31. Rd2 Kf8 32.
Kg3 Ke7 33. Kf4 Rf8+ 34. Ke3 Rf5 35. f4 Rf8 36. Re2 Kd6 37. g3 Rc8 38. Kd2
h6 39. Re3 Rb8 40. Rd3 Rb7 41. Re3 Rb8 42. Ng4 Kc5 43. Kd3 Rd8 44. Re5 Kb6
45. Ke2 Kc5 46. Ke3 Rd7 47. h5 Kc6 48. Nf2 Rc7 49. Kd2 Rd7 50. Nd3 Kd6 51.
Nc1 Ke7 52. Nd3 Kd6 53. Nb2 Ke7 54. Kc1 Rc7 55. Re3 Kf6 56. Nd1 Ke7 57. Kb2
Rd7 58. Re5 Kd6 59. Ne3 Rc7 60. Nxd5 exd5 61. Re8 Rc3 62. Ra8 Rxg3 63. Ra6+
Kc5 64. Rxa5+ Kc6 65. Ra6+ Kc5 66. Rg6 Rf3 67. Rxg7 Rxf4 68. Rg6 d4 69.
Rxh6 d3 70. cxd3 Rf2+ 71. Kc1 Kd4 72. Rc6 Kxd3 73. h6 Rh2 74. Rd6+ Kc3 75.
Kd1 Rh5 76. Ke2 Kxb3 77. Kf3 Kxa4 78. Ke4 1/2-1/2

[Event "FIDE Grand Swiss"]
[Site "Samarcanda"]
[Date "09.09.2025"]
[Round "6.51"]
[White "Sarana, Alexey"]
[Black "Svane, Rasmus"]
[Result "1/2-1/2"]
[WhiteTitle "GM"]
[BlackTitle "GM"]
[WhiteElo "2686"]
[BlackElo "2620"]
[EventDate "2025.09.04"]
[WhiteFideId "24133795"]
[BlackFideId "4657101"]

1. d4 d5 2. c4 c6 3. Nf3 Nf6 4. Nc3 e6 5. e3 Nbd7 6. Qc2 Bd6 7. Bd3 O-O 8.
O-O e5 9. cxd5 cxd5 10. Nb5 Bb8 11. dxe5 Nxe5 12. Nxe5 Bxe5 13. Bd2 a6 14.
Bc3 Bxc3 15. Nxc3 d4 16. Ne4 h6 17. Rad1 dxe3 18. Bc4 Qe7 19. Nxf6+ Qxf6
20. fxe3 Qe7 21. Rxf7 Rxf7 22. Qg6 Bg4 23. Qxg4 Qxe3+ 24. Kh1 Qf2 25. Qe6
Rf8 26. Qg6 Kh8 27. Bxf7 Qxf7 28. Qxf7 Rxf7 29. Kg1 Rc7 30. Rd2 Kg8 31. Kf2
1/2-1/2

[Event "FIDE Grand Swiss"]
[Site "Samarcanda"]
[Date "11.09.2025"]
[Round "7.22"]
[White "Vachier-Lagrave, Maxime"]
[Black "Bacrot, Etienne"]
[Result "1-0"]
[WhiteTitle "GM"]
[BlackTitle "GM"]
[WhiteElo "2738"]
[BlackElo "2637"]
[EventDate "2025.09.04"]
[WhiteFideId "623539"]
[BlackFideId "605506"]

1. e4 e6 2. d4 d5 3. Nc3 Nf6 4. e5 Nfd7 5. f4 c5 6. Nf3 Nc6 7. Be3 a6 8.
Ne2 Qb6 9. Qc1 Be7 10. c3 f6 11. h4 O-O 12. h5 h6 13. Rh3 a5 14. Rg3 Rf7
15. Qc2 a4 16. O-O-O a3 17. b3 c4 18. b4 f5 19. Kb1 Qb5 20. Ka1 Qa4 21. Ne1
Nb6 22. Bc1 Bh4 23. Qxa4 Rxa4 24. Rh3 Bxe1 25. Rxe1 Bd7 26. Ng1 Ne7 27. Nf3
Na8 28. Be2 Ra6 29. Rg1 Nc7 30. Bd2 Ba4 31. Kb1 Bd7 32. Be1 Ra8 33. Bh4 Ba4
34. Bxe7 Rxe7 35. Nh4 Rf7 36. Rf1 Kf8 37. g4 Ke7 38. gxf5 exf5 39. Ng2 Bd7
40. Ne3 Be6 41. Rg3 Kf8 42. Rg6 Rd8 43. Rfg1 Re7 44. Kc1 b5 45. Bf1 Rf7 46.
Bh3 Re8 47. Kd2 Rd8 48. Ke2 Re8 49. Kf3 Rd8 50. Rxe6 Nxe6 51. Rg6 Nc7 52.
Nxf5 Rb8 53. Rc6 Na8 54. Rc5 Ra7 55. Ne3 Nb6 56. Rxb5 Rbb7 57. Nxd5 Na4 58.
Rxb7 Rxb7 59. Bc8 Ra7 60. Ke4 1-0

[Event "FIDE Grand Swiss"]
[Site "Samarcanda"]
[Date "11.09.2025"]
[Round "7.23"]
[White "Sindarov, Javokhir"]
[Black "Hovhannisyan, Robert"]
[Result "1-0"]
[WhiteTitle "GM"]
[BlackTitle "GM"]
[WhiteElo "2722"]
[BlackElo "2629"]
[EventDate "2025.09.04"]
[WhiteFideId "14205483"]
[BlackFideId "13302507"]

1. e4 e5 2. Bc4 Nf6 3. d3 Bc5 4. Nf3 d6 5. c3 Bb6 6. O-O h6 7. Re1 O-O 8.
Nbd2 c5 9. a3 Nc6 10. b4 Be6 11. Bb2 a6 12. h3 Ba7 13. bxc5 Bxc4 14. Nxc4
Bxc5 15. d4 Ba7 16. a4 b5 17. Ne3 Nxe4 18. axb5 axb5 19. Qd3 Ng5 20. Nxg5
Qxg5 21. Nf5 b4 22. Bc1 Qf6 23. Ra6 Rac8 24. Qf3 bxc3 25. Nxh6+ Kh7 26.
Qxf6 gxf6 27. d5 Bxf2+ 28. Kxf2 Nb4 29. Rxd6 Nd3+ 30. Ke2 Nxc1+ 31. Rxc1
Kxh6 32. Rxf6+ Kg7 33. Rc6 Rcd8 34. Rc5 Rd6 35. Kd3 Rg6 36. Rc2 Ra8 37. Ke4
Rg5 38. R5xc3 Ra1 39. Rc1 Ra2 40. R3c2 Ra4+ 41. Rc4 Ra2 42. Rd1 Re2+ 43.
Kf3 Rgxg2 44. Rg4+ Rxg4 45. hxg4 Ra2 46. d6 Ra8 47. Ke4 Kf6 48. Kd5 Ra5+
49. Kc6 Ra8 50. d7 Ke7 51. Kb7 Rd8 52. Kc7 f6 53. Rd6 e4 54. Re6+ Kxe6 55.
Kxd8 e3 56. Ke8 Kd5 1-0

[Event "FIDE Grand Swiss"]
[Site "Samarcanda"]
[Date "11.09.2025"]
[Round "7.39"]
[White "Sargissian, Gabriel"]
[Black "Fedoseev, Vladimir"]
[Result "0-1"]
[WhiteTitle "GM"]
[BlackTitle "GM"]
[WhiteElo "2626"]
[BlackElo "2731"]
[EventDate "2025.09.04"]
[WhiteFideId "13300881"]
[BlackFideId "24130737"]

1. d4 d5 2. c4 e6 3. Nf3 Nf6 4. g3 Bb4+ 5. Bd2 Be7 6. Bg2 O-O 7. O-O c6 8.
Qc2 b6 9. Bf4 Bb7 10. Rd1 Nbd7 11. Nc3 Qc8 12. cxd5 cxd5 13. Rac1 a6 14.
Ne5 b5 15. a4 Nxe5 16. dxe5 Nd7 17. axb5 g5 18. Be3 Nxe5 19. Bd4 Ng6 20. b6
Qd7 21. Na4 Rfc8 22. Qb3 Bc6 23. Rxc6 Rxc6 24. e4 Rc4 25. Nc3 Rb4 26. Qa2
dxe4 27. Be3 Qe8 28. Bxe4 Rd8 29. Rxd8 Qxd8 30. Qxa6 f5 31. b7 fxe4 32.
Qxe6+ Kg7 33. Qc8 Rxb2 34. Ba7 Qd2 35. b8=Q Rxb8 36. Bxb8 e3 37. fxe3 Qxe3+
38. Kg2 Qd2+ 39. Kf1 Qc1+ 40. Kg2 Qb2+ 41. Kf1 Qxh2 42. Ne2 Qh1+ 43. Kf2
Qd5 44. Qc3+ Kh6 45. Ba7 Ne5 46. Bd4 Bb4 47. Qc8 Qf7+ 48. Kg1 Nf3+ 49. Kg2
Qd5 50. Qa6+ Kh5 51. g4+ Kxg4 52. Qc8+ Kh5 53. Kh3 Ng1+ 54. Kh2 Nxe2 55.
Qh3+ Kg6 56. Qd3+ Qf5 57. Qa6+ Kf7 58. Qc4+ 0-1

[Event "FIDE Grand Swiss"]
[Site "Samarcanda"]
[Date "11.09.2025"]
[Round "7.56"]
[White "Daneshvar, Bardiya"]
[Black "Muradli, Mahammad"]
[Result "1-0"]
[WhiteTitle "GM"]
[BlackTitle "GM"]
[WhiteElo "2598"]
[BlackElo "2590"]
[EventDate "2025.09.04"]
[WhiteFideId "12576468"]
[BlackFideId "13409301"]

1. c4 c5 2. Nf3 Nf6 3. Nc3 Nc6 4. g3 g6 5. d4 cxd4 6. Nxd4 d6 7. Bg2 Bd7 8.
Nc2 Bg7 9. b3 Qc8 10. h3 O-O 11. Bb2 a6 12. Qd2 Ne8 13. Ne3 Rb8 14. Rd1 Nf6
15. Ncd5 Ne8 16. Bxg7 Kxg7 17. c5 Be6 18. cxd6 Nxd6 19. Nxe7 Nxe7 20. Qb2+
Kg8 21. Rxd6 Qc7 22. Rd4 Rfd8 23. Rxd8+ Rxd8 24. O-O Rd6 25. h4 b5 26. Rc1
Qd8 27. Bf3 Rd2 28. Rc2 Rxc2 29. Qxc2 Qd6 30. Qb2 b4 31. Qf6 Nc6 32. Bd5
Qd7 33. Bxe6 Qxe6 34. Qxe6 fxe6 35. f3 Nd4 36. Kf2 Kf8 37. Ke1 Ke7 38. Kd2
Kd6 39. Kd3 Kc5 40. g4 Nb5 41. Nc4 Kd5 42. f4 Kc5 43. Ne5 Nc3 44. a4 Kd5
1-0

[Event "FIDE Grand Swiss"]
[Site "Samarcanda"]
[Date "12.09.2025"]
[Round "8.18"]
[White "Woodward, Andy"]
[Black "Yakubboev, Nodirbek"]
[Result "1/2-1/2"]
[WhiteTitle "GM"]
[BlackTitle "GM"]
[WhiteElo "2557"]
[BlackElo "2681"]
[EventDate "2025.09.04"]
[WhiteFideId "30953499"]
[BlackFideId "14203987"]

1. Nf3 Nf6 2. c4 g6 3. d4 Bg7 4. g3 O-O 5. Bg2 d6 6. O-O Nbd7 7. Nc3 e5 8.
e4 exd4 9. Nxd4 Nc5 10. h3 Re8 11. Re1 h6 12. b3 a5 13. Bb2 a4 14. Rc1 axb3
15. axb3 c6 16. b4 Ne6 17. Nxe6 Bxe6 18. Ne2 Qb6 19. Qb3 Qa6 20. Nd4 Qa2
21. Qc2 Nd7 22. Re2 Ra4 23. Qd1 Bxc4 24. Rd2 Rea8 25. Kh2 h5 26. Rcc2 Bf8
27. Bc1 Bb3 28. Rxa2 Bxd1 29. Rab2 Bg4 30. hxg4 hxg4 31. Rd1 Bg7 32. Rbd2
Bh6 33. Rb2 Bg7 34. Rb1 Ra2 35. Kg1 Bxd4 36. Rxd4 Ra1 37. Rxa1 Rxa1 38. Rd1
Ne5 39. Rf1 Rb1 40. Bf4 Rxb4 41. Rd1 Nf3+ 42. Bxf3 gxf3 43. Rxd6 Rxe4 44.
Bg5 Re6 45. Rd8+ Kg7 46. Be3 Kf6 47. Rd7 b5 48. Kh2 Re4 49. Rd6+ Re6 50.
Rd4 Ke5 51. Rd7 f5 52. Kh3 Re8 53. Kh4 Ke6 54. Rd3 Kf6 55. Rd6+ Re6 56.
Bg5+ Ke5 57. Bf4+ Kf6 58. Bg5+ Ke5 59. Bf4+ Kf6 60. Bg5+ Ke5 1/2-1/2

[Event "FIDE Grand Swiss"]
[Site "Samarcanda"]
[Date "12.09.2025"]
[Round "8.42"]
[White "Amin, Bassem"]
[Black "Korobov, Anton"]
[Result "0-1"]
[WhiteTitle "GM"]
[BlackTitle "GM"]
[WhiteElo "2636"]
[BlackElo "2616"]
[EventDate "2025.09.04"]
[WhiteFideId "10601457"]
[BlackFideId "14105730"]

1. e4 c5 2. Nf3 e6 3. d3 Nc6 4. g3 g6 5. Bg2 Bg7 6. O-O d6 7. c3 Nf6 8. Re1
e5 9. a3 O-O 10. b4 h6 11. Bb2 Be6 12. b5 Ne7 13. c4 Nh7 14. Nc3 Qd7 15.
Nd2 f5 16. exf5 gxf5 17. f4 Ng6 18. Nb3 Rac8 19. Na5 Rb8 20. Nb3 Nf6 21.
Qd2 exf4 22. gxf4 Kh7 23. Re2 Nh4 24. Bh1 Rg8 25. Kf1 Rbe8 26. Qe1 Ng6 27.
Qf2 Nh5 28. Nd5 Bxb2 29. Rxb2 Qg7 30. Re2 Ngxf4 31. Nxf4 Nxf4 32. Re3 Nxd3
33. Rxd3 Bxc4 34. Rd1 Qg4 0-1

[Event "FIDE Grand Swiss"]
[Site "Samarcanda"]
[Date "12.09.2025"]
[Round "8.48"]
[White "Deac, Bogdan-Daniel"]
[Black "Xu, Xiangyu"]
[Result "1/2-1/2"]
[WhiteTitle "GM"]
[BlackTitle "GM"]
[WhiteElo "2674"]
[BlackElo "2615"]
[EventDate "2025.09.04"]
[WhiteFideId "1226380"]
[BlackFideId "8608288"]

1. e4 c5 2. Nf3 Nc6 3. Nc3 e6 4. d4 cxd4 5. Nxd4 Nf6 6. Nxc6 bxc6 7. e5 Nd5
8. Ne4 Bb7 9. Be2 c5 10. O-O Qc7 11. Nd6+ Bxd6 12. exd6 Qc6 13. f3 c4 14.
Qd4 O-O 15. Bxc4 Rfc8 16. b3 Qxd6 17. Rd1 Qb6 18. Qxb6 Nxb6 19. Bd3 a5 20.
c4 d5 21. cxd5 Nxd5 22. Bd2 Nb4 23. Bc4 Bd5 24. Bxd5 Nxd5 25. Rdc1 Rcb8 26.
Rab1 f6 27. Rc5 a4 28. b4 Kf7 29. Kf2 g5 30. a3 h5 31. Rbc1 Rb7 32. R1c4
Rd7 33. h4 gxh4 34. Rxh4 Kg6 35. Rhc4 e5 36. Bc1 Nb6 37. Rc3 Nd5 38. R3c4
Nb6 39. Rc3 Nd5 40. Rd3 Rad8 41. Ra5 Nb6 42. Rxd7 Rxd7 43. Ke2 Kf5 44. Be3
Nd5 45. Bd2 Nb6 46. Be1 Rc7 47. Ra6 Nd5 48. Bd2 Rc2 49. Kd3 Rc8 50. Rxa4
Rg8 51. b5 Rxg2 52. Rh4 Rf2 53. Rxh5+ Ke6 54. Rh3 f5 55. Rh6+ Kd7 56. Bg5
Rxf3+ 57. Kc4 Nc3 58. Rh7+ Kc8 59. Bf6 Nxb5 60. Kxb5 Rxa3 61. Bxe5 f4 62.
Bd6 Rc3 63. Bc5 Kd8 64. Kc6 Ke8 65. Ra7 Rg3 66. Bd6 Re3 67. Bc5 Re2 68.
Ra8+ Kf7 69. Rf8+ Kg6 70. Rxf4 Ra2 71. Kd6 Ra5 72. Rf8 Rb5 73. Bd4 Kg5 74.
Ke6 Kg4 75. Be5 Rb4 76. Rg8+ Kf3 77. Rg3+ Kf2 78. Ra3 Rb5 79. Kf5 Rb4 80.
Bd6 Rc4 81. Ke5 Ke2 82. Kd5 Rh4 83. Be5 Rg4 84. Bd4 Rg8 85. Re3+ Kd2 86.
Rh3 Ke2 87. Be3 Rd8+ 88. Kc4 Re8 89. Bd4 Re6 90. Kd5 Rg6 91. Re3+ Kd2 92.
Kc5 Rg8 93. Ra3 Re8 94. Kd5 Rg8 95. Be3+ Ke2 96. Bf4 Rc8 97. Be5 Rd8+ 98.
Ke4 Re8 99. Ra2+ Ke1 100. Kf4 Kd1 101. Rh2 Re7 102. Ke4 Ke1 103. Kd4 Kf1
104. Ra2 Re8 105. Bf4 Re2 106. Ra1+ Kf2 107. Kd3 Kf3 108. Ra7 Re8 109. Rf7
Kg4 110. Kd4 Ra8 111. Be5 Ra4+ 112. Ke3 Ra3+ 113. Ke4 Ra4+ 114. Bd4 Rb4
115. Rg7+ Kh4 116. Rg8 Ra4 117. Ke3 Kh5 118. Ke4 1/2-1/2

[Event "FIDE Grand Swiss"]
[Site "Samarcanda"]
[Date "13.09.2025"]
[Round "9.8"]
[White "Saric, Ivan"]
[Black "Nepomniachtchi, Ian"]
[Result "1/2-1/2"]
[WhiteTitle "GM"]
[BlackTitle "GM"]
[WhiteElo "2655"]
[BlackElo "2742"]
[EventDate "2025.09.04"]
[WhiteFideId "14508150"]
[BlackFideId "4168119"]

1. e4 c5 2. Nf3 d6 3. d4 cxd4 4. Nxd4 Nf6 5. Nc3 a6 6. Be3 e5 7. Nb3 Be6 8.
f3 Nc6 9. Qe2 Ne7 10. g4 h6 11. O-O-O d5 12. Nd4 exd4 13. Bxd4 Qa5 14. Bxf6
dxe4 15. Qxe4 gxf6 16. Qxb7 Rc8 17. Bxa6 Bg7 18. Qb5+ Qxb5 19. Nxb5 Rb8 20.
Nc7+ Kf8 21. Nxe6+ fxe6 22. Bc4 e5 23. Rd6 h5 24. Rhd1 Ke8 25. h3 hxg4 26.
hxg4 Rh3 27. a4 Rxf3 28. a5 Rf4 29. Bb3 Rxg4 30. a6 Rd4 31. R1xd4 exd4 32.
Ba4+ Kf7 33. b4 Bh6+ 34. Kd1 Bf4 35. Bb3+ Kg6 36. Rd7 Nc8 37. Bf7+ Kg5 38.
Rd8 Be5 39. Rg8+ Kf4 40. Bd5 Na7 41. Rg7 Nb5 42. Kd2 Rb6 43. a7 Nxa7 44.
Rxa7 Rxb4 45. Rb7 Ra4 46. Rb1 Ra3 47. Rf1+ Kg3 48. Bb3 Ra7 49. Ke2 Rc7 50.
Rf3+ Kh4 51. Kd3 Kg4 52. Ke4 Re7 53. Rf1 f5+ 54. Kd5 f4 55. Re1 Kf5 56. Bc4
Rd7+ 57. Kc6 Rd8 58. Bd3+ Ke6 59. Bc4+ Kf6 60. Rg1 Bb8 61. Rg8 Rxg8 62.
Bxg8 Kg5 63. Bd5 Kg4 64. Kc5 Be5 65. Kc4 f3 66. Kd3 Kg3 67. Bc6 Bf6 68. Bd5
Be5 69. Bc6 Bf6 70. Bd5 Be5 71. Ke4 1/2-1/2

[Event "FIDE Grand Swiss"]
[Site "Samarcanda"]
[Date "13.09.2025"]
[Round "9.12"]
[White "Theodorou, Nikolas"]
[Black "Rapport, Richard"]
[Result "1/2-1/2"]
[WhiteTitle "GM"]
[BlackTitle "GM"]
[WhiteElo "2646"]
[BlackElo "2711"]
[EventDate "2025.09.04"]
[WhiteFideId "4262875"]
[BlackFideId "738590"]

1. d4 e6 2. c4 Nc6 3. Nf3 Nf6 4. a3 g6 5. Nc3 Bg7 6. e4 d6 7. Be2 O-O 8.
O-O Re8 9. Be3 e5 10. dxe5 dxe5 11. h3 a5 12. c5 Qxd1 13. Rfxd1 Be6 14. Bb5
Bb3 15. Rd2 Reb8 16. Rc1 Rd8 17. g4 h6 18. Kg2 Rxd2 19. Nxd2 Be6 20. Bc4
Rd8 21. Bxe6 fxe6 22. Nc4 g5 23. Rc2 Bf8 24. Rd2 Ra8 25. f3 a4 26. Nb5 Rc8
27. Nc3 Ra8 28. Nb5 Rc8 29. h4 gxh4 30. Nc3 Nh7 31. Nxa4 Be7 32. b4 Bg5 33.
Bxg5 Nxg5 34. Nc3 Rf8 35. Rf2 h3+ 36. Kg3 Rd8 37. b5 Nd4 38. Nxe5 Ndxf3 39.
Nxf3 Rd3 40. Nd1 e5 41. Ra2 Rxf3+ 42. Kh2 Nxe4 43. a4 b6 44. cxb6 cxb6 45.
a5 Nf6 46. a6 Nxg4+ 47. Kg1 h2+ 48. Kg2 Rg3+ 49. Kxg3 h1=Q 50. a7 Qa8 51.
Kxg4 Kf7 52. Nc3 Ke6 53. Na4 h5+ 54. Kg3 Kf5 55. Nc3 e4 56. Kf2 h4 57. Ra4
e3+ 58. Kxe3 h3 59. Rh4 Qxa7 60. Rxh3 Ke5 1/2-1/2

[Event "FIDE Grand Swiss"]
[Site "Samarcanda"]
[Date "13.09.2025"]
[Round "9.19"]
[White "Yakubboev, Nodirbek"]
[Black "Demchenko, Anton"]
[Result "1-0"]
[WhiteTitle "GM"]
[BlackTitle "GM"]
[WhiteElo "2681"]
[BlackElo "2620"]
[EventDate "2025.09.04"]
[WhiteFideId "14203987"]
[BlackFideId "4160258"]

1. d4 d5 2. c4 dxc4 3. e4 e5 4. Nf3 Bb4+ 5. Nc3 exd4 6. Nxd4 Nd7 7. Bxc4
Ngf6 8. Bxf7+ Kxf7 9. Qb3+ Ke8 10. O-O Bxc3 11. Qxc3 Nf8 12. Bg5 Qe7 13.
Nf5 Bxf5 14. exf5 Kd8 15. Rac1 c6 16. Rfe1 Qf7 17. Qb4 Rc8 18. Rcd1+ Nd7
19. Qa5+ b6 20. Qxa7 Re8 21. Qxb6+ Rc7 22. Rxe8+ Qxe8 23. Bf4 1-0